| 000 | 00432cam a2200145u 4500 | ||
|---|---|---|---|
| 082 |
_a519.5 _bCHA _cL-24,P-19 |
||
| 100 | 1 |
_aChapman, William Arthur James. [from old catalog] _939459 |
|
| 245 | 1 | 0 | _aSenior workshop calculations. |
| 260 |
_aLondon, _bArnold _c[1954] |
||
| 300 |
_a432 p. _billus. _c19 cm. |
||
| 526 |
_a0 _b0 _c0 _d519_500000000000000_CHA |
||
| 650 | 0 |
_aMCE _9379 |
|
| 650 | 0 |
_aShop mathematics. _939025 |
|
| 942 |
_2ddc _cBK |
||
| 999 |
_c543954 _d543954 |
||